<?xml version="1.0" encoding="UTF-8"?>
<record
    xmlns:xsi="http://www.w3.org/2001/XMLSchema-instance"
    xsi:schemaLocation="http://www.loc.gov/MARC21/slim http://www.loc.gov/standards/marcxml/schema/MARC21slim.xsd"
    xmlns="http://www.loc.gov/MARC21/slim">

  <leader>01080nam a22001337a 4500</leader>
  <datafield tag="999" ind1=" " ind2=" ">
    <subfield code="c">533159</subfield>
    <subfield code="d">533159</subfield>
  </datafield>
  <controlfield tag="008">260427b           ||||| |||| 00| 0 eng d</controlfield>
  <datafield tag="100" ind1=" " ind2=" ">
    <subfield code="a"> Singh, Indervir and Ankita</subfield>
    <subfield code="9">60272</subfield>
  </datafield>
  <datafield tag="245" ind1=" " ind2=" ">
    <subfield code="a">Increasing female employment in INDIA: Distress or better opportunities?</subfield>
  </datafield>
  <datafield tag="260" ind1=" " ind2=" ">
    <subfield code="a">Economic &amp; Political Weekly </subfield>
  </datafield>
  <datafield tag="300" ind1=" " ind2=" ">
    <subfield code="a">61(8), Feb 21, 2026: p.37-45</subfield>
  </datafield>
  <datafield tag="520" ind1=" " ind2=" ">
    <subfield code="a">The female workforce participation rate has been steadily increasing in India since 2017&#x2013;18. Examining the reasons behind this trend, the findings indicate a worsening nature for female employment in India, where most women entered the workforce as unpaid or subsidiary workers. Real earnings for workers have generally been declining or stagnant since 2017&#x2013;18. Additionally, there has been a decline in real household expenditure from 2017&#x2013;18 to 2023&#x2013;24. These findings suggest a distress-driven increase in female employment after 2017&#x2013;18.-Reproduced 

https://www.epw.in/journal/2026/8/special-articles/increasing-female-employment-india.html
</subfield>
  </datafield>
  <datafield tag="773" ind1=" " ind2=" ">
    <subfield code="a">Economic &amp; Political Weekly </subfield>
  </datafield>
  <datafield tag="942" ind1=" " ind2=" ">
    <subfield code="c">AR</subfield>
  </datafield>
  <datafield tag="952" ind1=" " ind2=" ">
    <subfield code="0">0</subfield>
    <subfield code="1">0</subfield>
    <subfield code="2">ddc</subfield>
    <subfield code="4">0</subfield>
    <subfield code="7">0</subfield>
    <subfield code="9">408330</subfield>
    <subfield code="a">IIPA</subfield>
    <subfield code="b">IIPA</subfield>
    <subfield code="d">2026-04-27</subfield>
    <subfield code="h">61(8), Feb 21, 2026: p.37-45</subfield>
    <subfield code="p">AR138670</subfield>
    <subfield code="r">2026-04-27</subfield>
    <subfield code="y">AR</subfield>
  </datafield>
</record>
